000 00316nam a2200133Ia 4500
008 240624s9999 xx 000 0 und d
041 _aeng
082 _a330 MIS
100 _aMISES LUDWIG VON
245 _aHUMAN ACTION III
260 _c2007
_aIndiana
_bLiberty Fund
300 _a231 : p. : cm ; 24
365 _cRS
999 _c21288
_d21288